| 000 | 00559nam a22001817a 4500 | ||
|---|---|---|---|
| 005 | 20150521120220.0 | ||
| 010 | _aENG-112699 | ||
| 020 |
_a9789382630074 _c995.00 |
||
| 035 | _aEN-96231 | ||
| 037 | _bDBAD/PUB | ||
| 082 | _a891.4 | ||
| 100 | _aKrishna Kant Singh | ||
| 245 |
_aA companion to short literary essays / _cby Krishna Kant Singh |
||
| 260 |
_aJaipur _bAadi Publications _c2013 |
||
| 270 |
_aF-11, S.S.Tower, Dhamani Street, Chaura Rasta, _bJaipur _e302003 |
||
| 300 |
_axiv,306p. _c23cm(Hb) |
||
| 942 |
_2ddc _cEN _mKRI _h891.4 |
||
| 999 |
_c92908 _d92908 |
||